BIBLIOTECA

SENCICO

La Antártida : catedral del hielo (Registro nro. 2662)

Detalles MARC
000 -LEADER
fixed length control field 00398nam a2200169Ia 4500
005 - DATE AND TIME OF LATEST TRANSACTION
control field 20251020182549.0
008 - FIXED-LENGTH DATA ELEMENTS--GENERAL INFORMATION
fixed length control field 200515s9999 xx 000 0 und d
082 ## - DEWEY DECIMAL CLASSIFICATION NUMBER
Classification number 990(99)/C18
100 ## - MAIN ENTRY--PERSONAL NAME
Personal name CALVO ROY, Antonio
245 #0 - TITLE STATEMENT
Title La Antártida : catedral del hielo
260 ## - PUBLICATION, DISTRIBUTION, ETC.
Place of publication, distribution, etc. Santafé de Bogotá, D.C.
260 ## - PUBLICATION, DISTRIBUTION, ETC.
Date of publication, distribution, etc. 1994
300 ## - PHYSICAL DESCRIPTION
Extent 147
650 ## - SUBJECT ADDED ENTRY--TOPICAL TERM
Topical term or geographic name entry element ANTARTIDA
650 ## - SUBJECT ADDED ENTRY--TOPICAL TERM
Topical term or geographic name entry element LIB
942 ## - ADDED ENTRY ELEMENTS (KOHA)
Koha item type Libros
Existencias
Fecha de la última vez que lo usaron Pago total Signatura topográfica completa Código de barras Precio efectivo desde Tipo de documento Estado perdido Estado dañado No es para préstamo Retirado Ubicación permanente Ubicación actual Fecha de adquisición
15/05/2020   990(99)/C18 Bib-Lima15052662 15/05/2020 Libros         Biblioteca Central Lima Biblioteca Central Lima 15/05/2020